| 000 | 01780nam a2200241Ia 4500 | ||
|---|---|---|---|
| 008 | 260220t1970||||xx |||||||||||||| ||spa|| | ||
| 040 |
_aPY-SlUNAC _bspa _erda |
||
| 041 | _aspa | ||
| 082 |
_a514 _bB96f |
||
| 100 |
_aBushaw, D. _eAutor |
||
| 245 | 0 |
_aFundamentos de topología general / _cpor D. Bushaw [Autor] |
|
| 264 |
_aCiudad de México : _bLimusa, _c℗1970. |
||
| 300 | _a1 volumen | ||
| 520 | _aEn "Fundamentos de topología general", D. Bushaw presenta una introducción rigurosa y accesible a los conceptos fundamentales de la topología, una rama matemática que estudia las propiedades de los espacios que se conservan bajo deformaciones continuas. El texto aborda temas esenciales como los espacios topológicos, bases y sub-bases, la convergencia de filtros y las propiedades de separación, así como la compacidad y la conectividad. Bushaw también explora la relación entre la topología y otras áreas de la matemática, ofreciendo ejemplos concretos que ilustran la aplicación de los principios topológicos en contextos más amplios. A lo largo del libro, se enfatiza la importancia de la intuición visual y el pensamiento abstracto, proporcionando ejercicios que fomentan la comprensión profunda de los temas tratados. Este trabajo se convierte en un recurso valioso tanto para estudiantes como para investigadores interesados en desarrollar una base sólida en topología general, contribuyendo al entendimiento de las estructuras matemáticas subyacentes en diversas disciplinas. | ||
| 653 | _aFundamentos de matemáticas | ||
| 653 | _aMatemáticas | ||
| 653 | _aTopología | ||
| 942 |
_b2026/02/17 _cBK |
||
| 999 |
_c7518 _d7518 |
||